000 00893nam a2200265Ia 4500
003 OSt
005 20221005111241.0
006 a|||||r|||| 00| 0
007 ta
008 221004b |||||||| |||| 00| 0 hin d
020 _a9789350726686 (hbk)
_cINR 200.00
024 _a29571
037 _b78, 15/03/2017, Mallika Books
_cTextual
040 _aCRL
_cCRL
_bhin
041 _2hin
_ahin
082 _aO152,1N54x, Q4
100 _aकश्यप, मदन, ले.
245 0 _aदूर तक चुप्पी
246 _aDūr tak chuppī
260 _aनई दिल्ली
_bवाणी प्रकाशन भारत
_c2014
300 _a88पृ0
_ccm.
650 _aहिन्दी कविता
942 _hO152,1N54x, Q4
_cTEXL
_2cc
999 _c1021266
_d1021266